[Event "Belgrade Trophy 35th"]
[Site "Belgrade"]
[Date "2021.11.28"]
[Round "5"]
[White "Mihajlovic, Ivica Lj"]
[Black "Marjanovic, Dragan"]
[Result "0-1"]
[WhiteElo "1591"]
[BlackElo "1824"]
[PlyCount "26"]
[EventDate "2021.11.24"]
[EventType "swiss"]
[EventRounds "9"]
[EventCountry "SRB"]
[SourceTitle "CBM 205 Extra"]
[Source "ChessBase"]
[SourceDate "2022.01.31"]
[SourceVersion "1"]
[SourceVersionDate "2022.01.31"]
[SourceQuality "1"]

1. d4 Nf6 2. Nf3 d5 3. Bf4 Bf5 4. e3 e6 5. Bd3 Bxd3 6. Qxd3 Nbd7 7. Qb5 Bd6 8. Ne5 0-0 9. Qxb7 Bxe5 10. dxe5 Ng4 11. Qb3 Ngxe5 12. Qc3 Qf6 13. Na3 Rab8 0-1

[Event "Belgrade-chT Quality"]
[Site "Belgrade"]
[Date "2016.10.22"]
[Round "7.6"]
[White "Marjanovic, Dragan"]
[Black "Jovanovic, Dejan R"]
[Result "0-1"]
[WhiteElo "1810"]
[BlackElo "2044"]
[PlyCount "82"]
[EventDate "2016.10.01"]
[EventType "team-tourn"]
[EventRounds "11"]
[EventCountry "SRB"]
[SourceTitle "EXT 2018"]
[Source "ChessBase"]
[SourceDate "2017.10.13"]
[SourceVersion "1"]
[SourceVersionDate "2017.10.13"]
[SourceQuality "1"]

1. d4 d5 2. Nf3 Nf6 3. Bf4 Bf5 4. e3 e6 5. Bd3 Bxd3 6. Qxd3 c6 7. c3 Bd6 8. Nbd2 Bxf4 9. exf4 0-0 10. 0-0 g6 11. g3 Nbd7 12. Ne5 Rc8 13. f3 c5 14. Kg2 Qb6 15. b3 Rc7 16. Rac1 Rfc8 17. Nxd7 Nxd7 18. dxc5 Rxc5 19. Rc2 Qc7 20. Rfc1 a6 21. a4 Nf6 22. Qd4 Nh5 23. Nf1 Ng7 24. Ne3 b5 25. b4 Rc6 26. a5 Nf5 27. Nxf5 gxf5 28. h4 Rc4 29. Qf6 Qd8 30. Qe5 Qf8 31. Qe2 Qg7 32. Qd3 Rxf4 33. Kh2 Rfc4 34. Qd2 Kh8 35. Qe3 Rg8 36. f4 Rgc8 37. Qd3 h6 38. Qe2 Rxc3 39. Rxc3 Rxc3 40. Rg1 Rb3 41. Qf2 Rb2 0-1

[Event "Belgrade-chT Quality"]
[Site "Belgrade"]
[Date "2015.10.03"]
[Round "1"]
[White "Mladenovic, Aleksandar"]
[Black "Marjanovic, Dragan"]
[Result "1/2-1/2"]
[WhiteElo "1928"]
[BlackElo "1814"]
[PlyCount "42"]
[EventDate "2015.10.03"]
[EventType "team-tourn"]
[EventRounds "11"]
[EventCountry "SRB"]
[SourceTitle "EXT 2018"]
[Source "ChessBase"]
[SourceDate "2017.10.13"]
[SourceVersion "1"]
[SourceVersionDate "2017.10.13"]
[SourceQuality "1"]

1. d4 Nf6 2. c4 d6 3. Nc3 e5 4. d5 Bf5 5. Bg5 Be7 6. Nf3 0-0 7. h3 Ne4 8. Bxe7 Qxe7 9. Qb3 Nc5 10. Qa3 Ne4 11. e3 Nxc3 12. Qxc3 b6 13. Be2 a5 14. Nd2 Bd7 15. g4 f5 16. gxf5 Bxf5 17. e4 Bg6 18. 0-0-0 Qh4 19. f3 Nd7 20. Rdg1 Rf4 21. Rh2 Raf8 1/2-1/2